Guía del museo bromatológico general mariano necochea /

Guardado en:
Autor Principal: Buenos Aires Ministerio de Salud Pública y Asistenecia Social
Formato: Libro
Publicado: Necochea : , 1952
Materias:
Etiquetas: Agregar Etiqueta
Sin Etiquetas, Sea el primero en etiquetar este registro!
LEADER 00591nam a22001695a 4500
001 CEM.cems015745
005 20091207145522.0
008 130507s1952##################000#0#####d
003 CEMS
082 0 4 |a 614.3 
100 1 |a Buenos Aires Ministerio de Salud Pública y Asistenecia Social 
245 1 0 |a Guía del museo bromatológico general mariano necochea /  |c Buenos Aires Ministerio de Salud Pública y Asistenecia Social, 
260 |a Necochea :  |b ,  |c 1952 
300 |a 128 p. 
653 |a Alimentos-control 
653 |a Bromatología 
859 |a CEMS  |b BIB. CEMS - Agricultura  |h 614.3  |i B862  |p A12781.83  |t Ej.1